[Event "1.FrauenBL 2019-20"]
[Site "Baden-Baden"]
[Date "2020.02.01"]
[Round "5.9"]
[White "Hapala, Elisabeth"]
[Black "Mader, Manuela"]
[Result "1/2-1/2"]
[WhiteElo "2170"]
[BlackElo "2220"]
[Annotator "TA"]
[PlyCount "154"]
[EventDate "2019.09.14"]
[EventType "team-tourn"]
[EventCountry "GER"]
[SourceTitle "playchess.com"]
[Source "ChessBase"]
[SourceQuality "1"]
[WhiteTeam "LEH"]
[BlackTeam "KSF"]

{[%evp 11,154,25,31,31,29,33,38,29,36,40,40,22,56,49,48,34,53,51,73,67,72,-8,-1,-24,0,0,4,0,0,-45,0,0,0,0,0,0,72,69,52,0,43,14,54,12,56,12,12,12,12,12,81,72,239,192,223,187,136,50,150,103,92,77,103,0,244,0,0,0,0,-8,0,0,0,0,0,0,0,-280,-279,-758,-758,-718,-718,-746,-617,-841,-841,-838,-838,-838,-689,-566,-553,-830,-800,-696,-330,-330,-218,-218,-210,-203,-153,-153,-131,-131,-123,-123,-85,-203,-85,-85,-85,-85,-85,-85,0,0,-16,0,0,0,0,-85,-85,-85,-85,-85,-85,-85,-85,-85,-85,-85,-85,-85,0,0,0,0,0,0,0,0,0]} 1. e4 c6 2. d4 d5 3. e5 Bf5 4. Nf3 e6 5. Be2 h6 6. O-O Ne7 7. Nbd2 {B12: Caro-Kann: Advance Variation} Bh7 8. Nb3 Nf5 {[#]} 9. Bd3 $146 {White is slightly better.} ({Predecessor:} 9. Bd2 Be7 10. g4 Nh4 11. Nxh4 Bxh4 12. f4 Nd7 13. f5 Qe7 14. Bd3 O-O-O 15. Qf3 {½-½ (44) Oparin,G (2526)-Kovalenko,I (2626) Riga 2014}) 9... Be7 10. g4 Nh4 11. Bxh7 Rxh7 12. Nxh4 Bxh4 13. Qd3 Rh8 14. f4 Nd7 {[%cal Bb8d7,Bd7b6,Bb6c4][%mdl 32]} 15. f5 {aiming for fxe6.} Qe7 16. Na5 (16. Qh3 $1 $16) 16... O-O-O $1 $11 17. Bf4 Nb6 (17... g6 {feels hotter.} 18. f6 Qb4 19. Bd2 Qb6 20. Nb3 Qc7) 18. Kh1 Bg5 19. Bg3 h5 20. f6 gxf6 21. exf6 Qd7 ({Much worse is} 21... Bxf6 22. Nxc6 $1 {[%mdl 512]} bxc6 23. Qa6+ Qb7 24. Qxb7+ Kxb7 25. Rxf6 $14) 22. gxh5 Nc4 ({Reject} 22... Rxh5 $6 23. Qe2 $16) 23. Qe2 {Black should prevent Rf3.} b6 ({Don't go for} 23... Nxa5 $2 24. Qe5 $1 $18 {[%mdl 512]}) (23... Rdg8 $11 {keeps the balance.}) 24. Nxc4 $16 dxc4 25. Qxc4 (25. h4 $14) 25... Rxh5 26. c3 Bh4 27. Be5 Kb7 28. a4 (28. Qe2 $5 {[%cal Re2h5]} Qd5+ 29. Qf3 $14) 28... c5 29. Qe2 $36 {[%mdl 2048] White is more active.} Qc6+ 30. Qf3 cxd4 (30... c4 $11) 31. cxd4 Rh6 $2 (31... Bg5 $16 {was necessary.}) 32. Rac1 Qxf3+ 33. Rxf3 Rd7 34. Rh3 ({Better is} 34. Rg1 $16) 34... Bg5 (34... Bxf6 $14 35. Rxh6 Bg5 {[%mdl 64] Double Attack}) 35. Rxh6 {Strongly threatening Rc7+.} Bxc1 {[%mdl 4096] Endgame KRB-KRB} 36. Rh7 Bxb2 37. h4 ({White should play} 37. Kg2 $16) 37... Kc6 $2 {[#]} (37... Bxd4 $11 38. Bxd4 Rxd4) 38. h5 $2 ({White must play} 38. d5+ $1 $18 {[%mdl 512]} exd5 (38... Kxd5 39. Bxb2) 39. Bxb2) 38... Bxd4 $11 39. Bxd4 Rxd4 {KR-KR} 40. h6 Rxa4 {Hoping for ...Rf4.} 41. Kg2 Rg4+ 42. Kf3 Rg6 43. Rxf7 {Black must now prevent h7.} Rxh6 44. Ke4 $2 {[%mdl 8192]} (44. Kg4 $1 $11 {and White has nothing to worry.}) 44... Kd6 $19 45. Rf8 $2 (45. Rxa7 Rxf6 46. Ra6) 45... Rh4+ 46. Ke3 Ke5 47. Kd3 Rd4+ 48. Kc3 Rd7 49. Kc4 Kf5 50. Kb5 Kg6 51. Kc6 {[#]} Rf7 $1 52. Re8 Kxf6 53. Kd6 {[#]} e5 $1 54. Re6+ (54. Rxe5 Rd7+) 54... Kf5 55. Rxe5+ Kf4 {( -> ...Rd7+!)} 56. Re1 {Threatens to win with Rf1+.} Rf6+ 57. Kd5 Kf5 58. Re7 a5 59. Re1 Kg6 {And now ...Rf5+ would win.} 60. Kc4 {[#]} (60. Rb1 $17) 60... Kf7 (60... Rf4+ $1 $19 61. Kc3 Rb4) 61. Kb5 $17 Re6 62. Rh1 Ke7 63. Rh7+ {[#]} Kd8 ({Black should try} 63... Kf6 $1 $17) 64. Rh8+ $11 Kd7 65. Rh7+ $1 Kd8 66. Rh8+ $1 Ke7 (66... Re8 $11 67. Rh6 Rg8) 67. Rh7+ $1 $17 Kf6 68. Rd7 Ke5 69. Rd1 Rd6 70. Re1+ Kd5 71. Re2 Rf6 (71... Re6 {is more complex.} 72. Rd2+ Ke4 73. Re2+ Kf5 74. Rf2+ Kg4) 72. Rd2+ Ke4 73. Rd1 Rf3 (73... Ke5 $17) 74. Kxb6 $11 {The position is equal.} a4 75. Kb5 a3 76. Kb4 a2 77. Ra1 Rf2 {Accuracy: White = 71%, Black = 69%.} 1/2-1/2

[Event "1.FrauenBL 2019-20"]
[Site "Baden-Baden"]
[Date "2020.02.01"]
[Round "5.10"]
[White "Schmidt, Jessica"]
[Black "Duessler, Stefanie"]
[Result "1-0"]
[WhiteElo "2243"]
[BlackElo "2109"]
[Annotator "NA"]
[PlyCount "95"]
[EventDate "2019.09.14"]
[EventType "team-tourn"]
[EventCountry "GER"]
[SourceTitle "playchess.com"]
[Source "ChessBase"]
[SourceQuality "1"]
[WhiteTeam "KSF"]
[BlackTeam "LEH"]
[TimeControl "40/5400+30:1800+30"]

1. d4 {[%emt 0:00:30]} f5 {[%emt 0:00:30]} 2. c4 {[%emt 0:00:30]} Nf6 {[%emt 0:00:00]} 3. Nc3 {[%emt 0:00:30]} d6 {[%emt 0:00:00]} 4. Nf3 {[%emt 0:00:30]} g6 {[%emt 0:00:00]} 5. g3 {[%emt 0:00:30]} Bg7 {[%emt 0:00:00]} 6. Bg2 {[%emt 0:00:00]} O-O {[%emt 0:00:30]} 7. O-O {[%emt 0:00:00]} Qe8 {[%emt 0:00:00]} 8. d5 {[%emt 0:00:30]} Na6 {[%emt 0:01:00]} 9. Nd4 {[%emt 0:03:30]} Bd7 {[%emt 0:01:30]} 10. Rb1 {[%emt 0:02:30]} c6 {[%emt 0:08:30]} 11. Re1 {[%emt 0:07:30]} Nc7 {[%emt 0:12:30]} 12. Bf4 {[%emt 0:07:30] [#] A87: Dutch Defence: Leningrad System: 5 Nf3} Nh5 $146 {[%emt 0:09:30]} ({Predecessor:} 12... c5 13. Nc2 Qd8 14. Qd2 b5 15. b4 cxb4 16. Nxb4 bxc4 17. Bh6 a5 18. Nc2 Na6 19. Bxg7 Kxg7 {1-0 (53) Dukic,D (1869)-Melmer,F (1553) Ruhrgebiet 2004}) 13. Qd2 {[%emt 0:04:30]} Nxf4 {[%emt 0:06:30]} 14. gxf4 {[%emt 0:01:30]} c5 {[%emt 0:05:30]} 15. Nf3 {[%emt 0:02:30]} b5 {[%emt 0:01:30]} 16. cxb5 {[%emt 0:04:30]} Nxb5 {[%emt 0:01:30]} 17. Nxb5 {[%emt 0:00:30]} Bxb5 {[%emt 0:00:00]} 18. Ng5 {[%emt 0:01:30]} Bd7 {[%emt 0:01:00]} 19. Rec1 {[%emt 0:02:30]} a5 {[%emt 0:05:30]} 20. b3 {[%emt 0:01:30]} h6 {[%emt 0:05:30]} 21. Ne6 {[%emt 0:00:30]} Bxe6 $1 {[%emt 0:00:30]} 22. dxe6 {[%emt 0:00:30]} Ra7 {[%emt 0:00:30]} 23. Bd5 {[%emt 0:05:30]} Qb5 {[%emt 0:03:30]} 24. a4 {[%emt 0:06:30]} Qb6 {[%emt 0:03:30]} 25. e3 {[%emt 0:04:30]} Rc7 {[%emt 0:00:30]} 26. Kh1 {[%emt 0:00:00]} Rcc8 {[%emt 0:06:30]} 27. Rg1 {[%emt 0:02:00]} Kh7 {[%emt 0:00:30]} 28. Qd3 $16 {[%emt 0:04:30]} Qb4 {[%emt 0:09:03]} 29. Rbc1 {[%emt 0:01:30]} Rb8 {[%emt 0:06:08]} 30. Rg2 {[%emt 0:08:30]} Bf6 {[%emt 0:03:50]} 31. Rcg1 {[%emt 0:06:30]} Rg8 {[%emt 0:02:08]} 32. Rxg6 {[%emt 0:06:51]} Rxg6 {[%emt 0:00:13]} 33. Qxf5 {[%emt 0:00:06]} Rbg8 {[%emt 0:00:14]} 34. Be4 {[%emt 0:00:17]} Qxe4+ {[%emt 0:03:23]} 35. Qxe4 {[%emt 0:00:06]} h5 {[%emt 0:00:05]} 36. Rxg6 {[%emt 0:04:56]} Rxg6 {[%emt 0:00:03]} 37. Qb7 {[%emt 0:00:45]} Rg7 {[%emt 0:00:17]} 38. Qb5 {[%emt 0:02:00]} Bh4 {[%emt 0:00:08]} 39. Qe2 {[%emt 0:00:14]} Kh6 {[%emt 0:00:12]} 40. h3 {[%emt 0:00:11]} Rg8 {[%emt 0:03:46]} 41. f5 {[%emt 0:01:34]} Rb8 {[%emt 0:06:30]} 42. Qc2 {[%emt 0:03:30]} Rb4 {[%emt 0:00:30]} 43. f4 {[%emt 0:01:30]} Bf6 {[%emt 0:00:30]} 44. Qg2 {[%emt 0:00:30]} Kh7 {[%emt 0:00:00]} 45. Qg6+ {[%emt 0:00:30]} Kh8 {[%emt 0:00:00]} 46. Qxh5+ {[%emt 0:00:00]} Kg8 {[%emt 0:00:30]} 47. Qd1 {[%emt 0:01:00]} Kg7 {[%emt 0:00:00]} 48. Kg2 {[%emt 0:00:30]} 1-0

[Event "1.FrauenBL 2019-20"]
[Site "Baden-Baden"]
[Date "2020.02.01"]
[Round "5.11"]
[White "Manusina, Nicole"]
[Black "Kiefhaber, Veronika"]
[Result "0-1"]
[WhiteElo "1990"]
[BlackElo "2142"]
[Annotator "NA"]
[PlyCount "88"]
[EventDate "2019.09.14"]
[EventType "team-tourn"]
[EventCountry "GER"]
[SourceTitle "playchess.com"]
[Source "ChessBase"]
[SourceQuality "1"]
[WhiteTeam "LEH"]
[BlackTeam "KSF"]
[TimeControl "40/5400+30:1800+30"]

1. d4 {[%emt 0:00:30]} Nf6 {[%emt 0:00:30]} 2. c4 {[%emt 0:00:30]} g6 {[%emt 0:00:00]} 3. Nc3 {[%emt 0:00:30]} Bg7 {[%emt 0:00:00]} 4. e4 {[%emt 0:00:30]} d6 {[%emt 0:00:30]} 5. f3 {[%emt 0:00:30]} O-O {[%emt 0:01:30]} 6. Be3 {[%emt 0:00:30]} a6 {[%emt 0:01:30]} 7. Qd2 {[%emt 0:02:30]} Nbd7 {[%emt 0:02:30]} 8. Nge2 {[%emt 0:15:30]} c5 {[%emt 0:02:30]} 9. Rd1 {[%emt 0:05:30]} Qa5 {[%emt 0:06:30]} 10. Nc1 {[%emt 0:05:30]} cxd4 $11 {[%emt 0:11:30]} 11. Bxd4 {[%emt 0:00:30]} Ne5 {[%emt 0:01:30]} 12. Nd5 {[%emt 0:20:30]} Qxd2+ {[%emt 0:07:30]} 13. Rxd2 {[%emt 0:00:30]} Nxd5 {[%emt 0:02:30]} 14. cxd5 {[%emt 0:01:30]} f5 {[%emt 0:04:30]} 15. Be2 {[%emt 0:17:30]} fxe4 {[%emt 0:05:30]} 16. fxe4 {[%emt 0:00:00]} Bd7 {[%emt 0:00:30]} 17. Rf1 {[%emt 0:08:09]} Rxf1+ {[%emt 0:04:30]} 18. Bxf1 {[%emt 0:03:46]} Rc8 {[%emt 0:02:30]} 19. Nb3 {[%emt 0:03:26]} Ng4 {[%emt 0:08:30]} 20. Bxg7 {[%emt 0:03:40]} Kxg7 {[%emt 0:00:30]} 21. h3 {[%emt 0:01:41]} Ne5 {[%emt 0:00:30]} 22. Nd4 {[%emt 0:02:30]} Rc5 {[%emt 0:11:30]} 23. Rc2 {[%emt 0:02:29]} Rxc2 {[%emt 0:03:30]} 24. Nxc2 {[%emt 0:00:04]} Kf6 {[%emt 0:00:30]} 25. Kd2 {[%emt 0:01:05]} g5 {[%emt 0:06:21]} 26. Be2 {[%emt 0:01:19]} Ng6 {[%emt 0:06:13]} 27. Ke3 {[%emt 0:01:51]} Nf4 {[%emt 0:00:18]} 28. Bf1 {[%emt 0:00:46]} Ke5 {[%emt 0:01:31]} 29. Ne1 {[%emt 0:00:15]} h6 {[%emt 0:01:51]} 30. Nd3+ {[%emt 0:00:46]} Nxd3 {[%emt 0:00:11]} 31. Bxd3 {[%emt 0:00:04]} h5 {[%emt 0:00:44]} 32. Be2 {[%emt 0:00:18]} Be8 {[%emt 0:00:53]} 33. b3 {[%emt 0:01:10]} Bg6 {[%emt 0:00:50]} 34. Bd3 {[%emt 0:00:05]} h4 {[%emt 0:01:33]} 35. a4 {[%emt 0:00:39]} a5 {[%emt 0:00:43]} 36. Bb1 {[%emt 0:00:34]} Bh5 {[%emt 0:00:41]} 37. Bc2 {[%emt 0:00:38]} b6 {[%emt 0:00:33]} 38. Bd3 {[%emt 0:00:32]} Bd1 {[%emt 0:00:09]} 39. Bc4 {[%emt 0:00:13]} Bc2 {[%emt 0:00:12]} 40. Kf2 {[%emt 0:00:54]} Kf4 {[%emt 0:00:00]} 41. Kf1 {[%emt 0:02:06]} Bxe4 {[%emt 0:02:47]} 42. Kf2 {[%emt 0:00:00]} Bc2 {[%emt 0:01:30]} 43. Kf1 {[%emt 0:00:00]} Kg3 {[%emt 0:00:30]} 44. Kg1 {[%emt 0:00:30]} Be4 {[%emt 0:00:00]} 0-1

[Event "1.FrauenBL 2019-20"]
[Site "Baden-Baden"]
[Date "2020.02.01"]
[Round "5.12"]
[White "Moingt, Anne"]
[Black "Boehm, Jana"]
[Result "1-0"]
[WhiteElo "2068"]
[BlackElo "1996"]
[Annotator "NA"]
[PlyCount "79"]
[EventDate "2019.09.14"]
[EventType "team-tourn"]
[EventCountry "GER"]
[SourceTitle "playchess.com"]
[Source "ChessBase"]
[SourceQuality "1"]
[WhiteTeam "KSF"]
[BlackTeam "LEH"]
[TimeControl "40/5400+30:1800+30"]

1. e4 {[%emt 0:00:30]} e6 {[%emt 0:00:30]} 2. d4 {[%emt 0:00:00]} d5 {[%emt 0:00:00]} 3. Nd2 {[%emt 0:00:00]} Nf6 {[%emt 0:00:00]} 4. e5 {[%emt 0:00:00]} Nfd7 {[%emt 0:00:00]} 5. Bd3 {[%emt 0:00:00]} c5 {[%emt 0:00:00]} 6. c3 {[%emt 0:00:30]} Nc6 {[%emt 0:00:30]} 7. Ne2 {[%emt 0:00:30]} cxd4 {[%emt 0:00:00]} 8. cxd4 {[%emt 0:00:30]} f6 {[%emt 0:00:00]} 9. exf6 {[%emt 0:00:00]} Nxf6 {[%emt 0:00:30]} 10. Nf3 {[%emt 0:01:00]} Bd6 {[%emt 0:00:00]} 11. O-O {[%emt 0:00:30]} Qc7 {[%emt 0:00:00]} 12. Bg5 {[%emt 0:09:30]} O-O {[%emt 0:00:30]} 13. Bh4 {[%emt 0:02:30]} Nh5 {[%emt 0:00:30]} 14. Nc3 {[%emt 0:07:30]} a6 {[%emt 0:15:30]} 15. Re1 {[%emt 0:05:30]} Nf4 {[%emt 0:05:30] [#] C06: French Tarrasch: 3...Nf6 4 e5 Nfd7 5 Bd3 main lines} 16. Bb1 $146 {[%emt 0:04:30]} ({Predecessor:} 16. Bg3 h6 17. Rc1 Bd7 18. Bb1 g5 19. Ne5 Bxe5 20. dxe5 Be8 21. Na4 Bh5 22. Qd2 Qg7 23. Nc5 {1-0 (52) Reshetnikov,A (2355)-Rakhmanov,A (2237) Satka 2005}) 16... Bd7 {[%emt 0:16:30]} 17. Bg3 {[%emt 0:03:30]} Rae8 {[%emt 0:06:30]} 18. Ng5 {[%emt 0:03:30]} g6 {[%emt 0:09:30]} 19. Nxh7 {[%emt 0:15:30]} Kxh7 {[%emt 0:08:30]} 20. Bxf4 {[%emt 0:00:30]} Kg7 $16 {[%emt 0:05:30]} 21. Qd3 {[%emt 0:05:30]} Rf5 {[%emt 0:02:30]} 22. Bxd6 {[%emt 0:03:30]} Qxd6 {[%emt 0:00:30]} 23. Ne2 {[%emt 0:00:30]} Rf6 {[%emt 0:06:30]} 24. a3 {[%emt 0:03:30]} Rh8 {[%emt 0:01:30]} 25. Qg3 {[%emt 0:02:30]} Qf8 {[%emt 0:04:57]} 26. Bd3 {[%emt 0:01:30]} Rh5 {[%emt 0:01:45]} 27. Rac1 {[%emt 0:02:30]} Qf7 {[%emt 0:04:15]} 28. f4 {[%emt 0:06:30]} Kf8 {[%emt 0:04:08]} 29. Qe3 {[%emt 0:00:30]} Qh7 {[%emt 0:01:50]} 30. Qg3 {[%emt 0:01:30]} Qg7 {[%emt 0:00:27]} 31. Bb1 {[%emt 0:04:16]} Be8 {[%emt 0:01:09]} 32. Rcd1 {[%emt 0:00:20]} g5 {[%emt 0:01:11]} 33. Rf1 {[%emt 0:03:00]} g4 {[%emt 0:00:28]} 34. f5 {[%emt 0:02:13]} exf5 {[%emt 0:02:29]} 35. Nf4 {[%emt 0:00:04]} Rg5 {[%emt 0:01:37]} 36. Nxd5 {[%emt 0:00:49]} Rf7 {[%emt 0:00:41]} 37. Nf4 {[%emt 0:02:14]} Nxd4 {[%emt 0:01:15]} 38. Qc3 {[%emt 0:00:30]} Rd7 {[%emt 0:00:09]} 39. Rxd4 {[%emt 0:00:35]} Rxd4 {[%emt 0:00:43]} 40. Ne6+ {[%emt 0:00:06]} 1-0

[Event "1.FrauenBL 2019-20"]
[Site "Baden-Baden"]
[Date "2020.02.02"]
[Round "6.1"]
[White "Kosteniuk, Alexandra"]
[Black "Sieber, Fiona"]
[Result "1/2-1/2"]
[WhiteElo "2504"]
[BlackElo "2245"]
[Annotator "TA"]
[PlyCount "103"]
[EventDate "2019.09.14"]
[EventType "team-tourn"]
[EventCountry "GER"]
[SourceTitle "playchess.com"]
[Source "ChessBase"]
[SourceQuality "1"]
[WhiteTeam "BAD"]
[BlackTeam "LEH"]

{[%evp 15,103,20,20,0,18,0,29,26,25,21,30,18,18,20,27,0,8,9,9,11,11,11,17,20,18,0,0,0,54,53,58,60,50,63,68,-2,-12,-25,-12,-16,0,0,0,-22,0,0,0,0,0,0,0,0,0,0,0,-45,-45,-32,-8,-19,0,0,23,0,0,0,0,0,0,0,0,0,0,0,0,0,0,0,0,0,0,0,0,0,0,0,0,0,0,0]} 1. e4 c5 2. Nf3 d6 3. d4 cxd4 4. Nxd4 Nf6 5. Nc3 a6 6. Bg5 e6 7. Qf3 Bd7 8. O-O-O Nc6 9. Nxc6 {B95: Sicilian Najdorf: 6 Bg5 e6, unusual White 7th moves} Bxc6 10. Qh3 Qa5 11. Bxf6 $1 {White has an edge.} gxf6 12. Be2 {[#]} h5 $146 ({Predecessor:} 12... Qg5+ 13. Kb1 b5 14. Bh5 Bd7 15. e5 fxe5 16. Bxf7+ Kxf7 17. Qf3+ Qf6 18. Qxa8 d5 {1-0 (31) Costa Trillo,V (2228)-Fuhrwerk,K (2138) ICCF email 2014}) 13. Kb1 O-O-O 14. f4 Kb8 15. Bf3 Bh6 16. f5 Bf4 17. fxe6 Be5 18. Rd3 fxe6 19. Qxe6 Rc8 20. Qb3 Rh7 21. a3 Ka7 (21... Be8 $11) 22. h4 $14 Rhc7 23. Qb4 Qxb4 24. axb4 Be8 25. g4 (25. Rc1 $1 $14) 25... Rc4 $11 26. gxh5 Rxb4 {[#] White must now prevent ...Rxc3.} 27. Nd1 Ba4 28. b3 Bb5 29. Re3 a5 30. Bg4 Rh8 31. Nc3 Bxc3 32. Rxc3 Rxe4 33. Bf3 Rf4 34. Rg1 Kb6 35. Re3 Bc6 36. Bd1 Kc5 37. Rc3+ Kb4 38. Kb2 Rxh4 39. Be2 Re8 {The position is equal.} 40. Rc4+ Rxc4 41. Bxc4 {[%mdl 4096] Endgame KRB-KRB} Rh8 42. Rg4 Kc5 43. Bf7 b5 44. Rf4 Be8 45. Rf5+ Kc6 46. Bxe8+ Rxe8 {KR-KR} 47. h6 Re3 48. Rh5 {[#] Threatens to win with h7.} Re8 49. Kc3 Rh8 50. h7 f5 51. Kd4 a4 52. bxa4 {Accuracy: White = 91%, Black = 97%.} 1/2-1/2

[Event "1.FrauenBL 2019-20"]
[Site "Baden-Baden"]
[Date "2020.02.02"]
[Round "6.2"]
[White "Newrkla, Katharina"]
[Black "Paehtz, Elisabeth"]
[Result "0-1"]
[WhiteElo "2238"]
[BlackElo "2467"]
[Annotator "TA"]
[PlyCount "92"]
[EventDate "2019.09.14"]
[EventType "team-tourn"]
[EventCountry "GER"]
[SourceTitle "playchess.com"]
[Source "ChessBase"]
[SourceQuality "1"]
[WhiteTeam "LEH"]
[BlackTeam "BAD"]

{[%evp 9,92,-14,-14,-6,-23,-10,0,0,8,0,15,14,25,-17,-4,-31,-30,-38,-43,-52,-41,-33,-29,-50,-49,-51,-49,-81,-40,-37,-5,-16,0,-7,6,-25,-16,-62,0,-13,-21,-48,-20,-47,-41,-52,-58,-152,-104,-90,-89,-116,-117,-120,-54,-65,-58,-112,0,0,0,0,0,-31,-24,-21,-35,-38,-35,-49,-39,-258,-260,-254,-246,-270,-271,-270,-270,-425,-377,-29990,-29991,-29991,-29989]} 1. d4 Nf6 2. Nc3 d5 3. Bf4 a6 4. e3 e6 5. Bd3 c5 6. dxc5 {D00: 1 d4 d5: Unusual lines.} Bxc5 7. Nf3 Nc6 8. O-O {The position is equal.} h6 9. e4 d4 10. Ne2 {[#]} Nh5 $146 ({Predecessor:} 10... g5 11. Bg3 Nh5 12. Be5 Nxe5 13. Nxe5 O-O 14. Ng3 Nxg3 15. fxg3 f6 16. Qh5 fxe5 {1-0 (23) Sheng,J (2373)-Preotu,R (2497) Dallas 2017}) 11. Bd2 e5 12. Ng3 (12. Bc4 {feels hotter.} Nf6 13. Nc1 O-O 14. Nd3 Bd6 15. Re1) 12... Nxg3 13. fxg3 Be6 14. Kh1 Qd7 15. a3 {[%cal Ba2a3,Ba3a4][%mdl 32]} Be7 16. b4 O-O 17. Qe2 Rac8 18. Rab1 Qc7 19. a4 Bd7 20. c3 dxc3 21. Bxc3 Bd6 22. Qb2 f6 23. Rbc1 Qb8 ({Black should play} 23... Be6 $15) 24. Rfd1 {Threatening Bc4+.} Be6 25. Nh4 Ne7 26. Qe2 Rfd8 27. Bd2 Kh7 28. g4 (28. Rb1 $15) 28... Rxc1 29. Rxc1 Nc6 30. Nf5 Bxb4 31. Be3 Bxf5 (31... Qc7 $17 32. h3 Ba3) 32. gxf5 Qd6 33. Bc4 {[#]} (33. Rd1 $15) 33... Ne7 (33... Ba3 $1 $17 {[%cal Ra3c1]} 34. Rb1 Ne7) 34. h3 $11 Ba3 35. Rb1 Qc6 36. Rb3 (36. Bb6 $5 {[%cal Rb6d8]} Rc8 37. Be6 $11) 36... Bd6 37. Bb6 Rc8 38. Be6 Qc1+ 39. Kh2 Rc2 40. Qh5 $2 (40. Qe3 $15) 40... Qf4+ $19 41. Rg3 {[#]} Rc3 $1 $40 {[%mdl 128] Black has strong attack.} 42. Qg4 {[%csl Gg3][%cal Rg4g7]} Rxg3 43. Qxg3 Qxe4 44. Qg4 (44. a5 {was necessary.}) 44... Qd3 {Threatens to win with ...e4+.} 45. Bd8 $2 (45. a5 $19) 45... e4+ 46. g3 Bc5 {Accuracy: White = 52%, Black = 80%.} 0-1

[Event "1.FrauenBL 2019-20"]
[Site "Baden-Baden"]
[Date "2020.02.02"]
[Round "6.3"]
[White "Zatonskih, Anna"]
[Black "Hapala, Elisabeth"]
[Result "1-0"]
[WhiteElo "2425"]
[BlackElo "2170"]
[Annotator "TA"]
[PlyCount "73"]
[EventDate "2019.09.14"]
[EventType "team-tourn"]
[EventCountry "GER"]
[SourceTitle "playchess.com"]
[Source "ChessBase"]
[SourceQuality "1"]
[WhiteTeam "BAD"]
[BlackTeam "LEH"]

{[%evp 9,73,-14,8,3,16,16,4,13,12,-8,-2,-4,10,-8,7,17,51,43,42,33,47,43,54,26,51,35,67,75,97,105,100,117,100,121,86,105,181,155,178,215,272,277,322,271,599,614,522,612,591,500,796,781,765,758,1098,1061,1618,1614,5577,2316,29991,29986,29985,29986,29984,29985]} 1. d4 d5 2. c4 c6 3. Nf3 Nf6 4. Qc2 dxc4 5. Qxc4 Bg4 6. h3 {D23: Queen's Gambit Accepted: 3 Nf3 Nf6 sidelines} Bh5 {[#]} 7. Nc3 $146 ({Predecessor:} 7. Ne5 e6 8. Nc3 Nbd7 9. g4 Bg6 10. Nxg6 hxg6 11. Bg2 Bd6 12. Bg5 Qc7 13. Bd2 Nb6 {0-1 (41) Shmoilov,D (1916)-Martynyuk,E (2151) St Petersburg 2016}) 7... Nbd7 8. g4 {The position is equal.} Bg6 9. Bg2 e6 10. O-O Be7 11. e3 O-O 12. Nh4 a5 13. Nxg6 hxg6 14. Rd1 Nb6 15. Qe2 a4 16. a3 Qc7 17. e4 Rfd8 18. Be3 Rd7 19. Rac1 Qd8 20. g5 Ne8 21. h4 Nd6 22. f4 Ndc4 {[#]} (22... Bf8 $16) 23. Bf2 $1 $18 Na5 {Black wants to play ...Nb3.} 24. Rd3 Bd6 25. e5 Bf8 26. h5 gxh5 $2 (26... Nd5 {is tougher.}) 27. Qxh5 {Threatening mate with Rh3.} g6 28. Qh4 Nb3 29. Rcd1 Bg7 (29... Nc5 $142 30. Rh3 (30. dxc5 Rxd3 31. Rxd3 Qxd3 $16) 30... Bg7) 30. Ne4 Kf8 31. Nf6 Ke7 32. d5 Rxd5 33. Bxd5 Nxd5 {[#]} 34. Rxb3 $1 {[%mdl 512]} Bxf6 (34... axb3 35. Bc5+) 35. gxf6+ {White mates.} Kd7 36. Rxb7+ Kc8 37. Rxf7 {Accuracy: White = 97%, Black = 49%.} 1-0

[Event "1.FrauenBL 2019-20"]
[Site "Baden-Baden"]
[Date "2020.02.02"]
[Round "6.4"]
[White "Duessler, Stefanie"]
[Black "Kovalevskaya, Ekaterina"]
[Result "1/2-1/2"]
[WhiteElo "2109"]
[BlackElo "2407"]
[Annotator "TA"]
[PlyCount "108"]
[EventDate "2019.09.14"]
[EventType "team-tourn"]
[EventCountry "GER"]
[SourceTitle "playchess.com"]
[Source "ChessBase"]
[SourceQuality "1"]
[WhiteTeam "LEH"]
[BlackTeam "BAD"]

{[%evp 13,108,20,27,20,26,25,22,30,20,18,37,13,18,0,0,0,0,-3,-1,-22,-24,-56,-37,-100,-37,-43,-39,-91,-91,-83,-72,-84,-84,-91,-77,-104,-103,-112,-117,-133,-117,-124,-116,-124,-108,-110,-66,-75,-74,-63,-75,-113,-63,-97,-32,-43,0,0,0,0,0,0,0,0,35,28,22,0,33,21,27,0,0,0,0,0,0,0,8,8,8,0,0,0,3,3,3,4,29983,6,17,0,0,0,31,0,0]} 1. e4 c5 2. Nf3 Nc6 3. d4 cxd4 4. Nxd4 e5 5. Nb5 d6 6. N1c3 a6 7. Na3 Be7 8. Be3 {B32: Sicilian: Löwenthal and Kalashnikov Variations} Nf6 9. Nc4 b5 10. Nb6 Rb8 11. Nxc8 Qxc8 12. Be2 O-O 13. O-O b4 14. Nd5 Nxe4 15. Bf3 Nf6 $1 {[#]} 16. Nxe7+ $146 ({Predecessor:} 16. Nxf6+ Bxf6 17. Qxd6 Nd4 18. Bxd4 Rd8 19. Qc6 Rxd4 20. Rfe1 Qxc6 21. Bxc6 Rbd8 22. Kf1 {½-½ (51) Kollars,D (2491)-Moiseenko,A (2648) Germany 2016}) 16... Nxe7 17. Ba7 Rb5 $36 {[%mdl 2048] White is under pressure.} 18. Qxd6 {[#]} (18. a4 $15 bxa3 19. Rxa3) 18... Nf5 ({Black should try} 18... Rd8 $1 $17 {[%cal Rd8d6]} 19. Qxe7 Rd7 20. Qxd7 Qxd7) 19. Qc6 $15 Nh4 20. Rfe1 (20. Rfc1 $15) 20... Nxf3+ $17 21. Qxf3 Qxc2 22. Re2 Qc7 23. Be3 Rd8 24. Bg5 e4 25. Qe3 Rd3 26. Qf4 Qxf4 27. Bxf4 g5 28. Be3 Rbd5 29. h3 Kg7 30. Rc2 a5 31. Rc4 Kg6 32. Kh2 g4 33. h4 Kf5 (33... Rh5 $17 34. Bg5 Nd5 35. Rxe4 f6) 34. Rc7 $15 Nd7 35. Rac1 f6 36. R1c6 Rd6 37. Rc4 R3d5 38. Ra7 h5 39. Rc8 Ne5 40. Rh7 Rd8 41. Rxh5+ Ke6 $1 42. Rh8 Rxh8 $1 43. Rxh8 $11 {[%mdl 4096] Endgame KRB-KRN} Nc4 $1 44. Kg3 Nxe3 45. fxe3 {KR-KR} Rd2 46. Ra8 Rxb2 47. Rxa5 Re2 48. Kxg4 Rxg2+ 49. Kf4 Rh2 50. h5 Rh4+ 51. Kg3 Rh1 52. Kf4 Rh4+ 53. Kg3 Rh1 54. Kf4 Rh4+ {Accuracy: White = 82%, Black = 83%.} 1/2-1/2